Deštivé poledne /

Soubor šestnácti autorových novel a povídek věnovaných především tématu holocaustu.

Uloženo v:
Hlavní autor: Lustig, Arnošt, 1926-2011 (Autor)
Další autoři: Cinger, František, 1956- (waw)
Médium: E-kniha
Jazyk:Czech
Témata:
Tagy:
Žádné tagy
LEADER 01562nam a2200205 4500
001 5239284
003 CZ-PrMKP
005 20260506140453.9
008 260506n----------------------------cze--
040 |a ABG001  |b cze 
072 7 |a 821.162.3-3  |x Česká próza  |2 Konspekt  |9 25 
100 1 |a Lustig, Arnošt,  |d 1926-2011  |7 jk01072683  |4 aut 
245 1 0 |a Deštivé poledne /  |c Arnošt Lustig ; doslov František Cinger 
520 2 |a Soubor šestnácti autorových novel a povídek věnovaných především tématu holocaustu.  |b Kromě povídek inspirovaných postavením bezmocného jedince v soukolí nelidské mašinérie koncentračních táborů zařadil autor do výběru i řadu povídek situovaných do doby krátce po válce, v nichž jejich hrdinové doživotně zápasí s tímto traumatizujícím prožitkem. Na základě vlastní neopakovatelné zkušenosti dává svými prózami Lustig nahlédnout do samé podstaty člověka v mezních životních situacích. Edice Lustigových děl v elektronické podobě vznikla ve spolupráci s Prahou městem literatury v rámci projektu Nadačního fondu Arnošta Lustiga s názvem FestivAL100, jímž se oslavilo 100. výročí spisovatelova narození. Ke zpracování bylo zvoleno vždy poslední knižní vydání za autorova života, kde provedl definitivní úpravy textu. 
655 7 |a české novely  |7 fd133969  |2 czenas 
655 7 |a české povídky  |7 fd133971  |2 czenas 
655 9 |a Czech novellas  |2 eczenas 
655 9 |a Czech short stories  |2 eczenas 
700 1 |a Cinger, František,  |d 1956-  |7 jn20010523018  |4 waw 
910 |a ABG001